[Event "Belgrade-chT2 Quality"]
[Site "Belgrade"]
[Date "2022.11.06"]
[Round "9.4"]
[White "Mijailovic, Luka"]
[Black "Rankovic, Igor"]
[Result "0-1"]
[WhiteElo "1733"]
[BlackElo "2124"]
[PlyCount "56"]
[EventDate "2022.10.15"]
[EventType "team-tourn"]
[EventRounds "13"]
[EventCountry "SRB"]
[SourceTitle "EXT 2024"]
[Source "ChessBase"]
[SourceDate "2023.10.10"]
[SourceVersion "1"]
[SourceVersionDate "2023.10.10"]
[SourceQuality "1"]
[WhiteTeam "Zemun"]
[BlackTeam "Lazarevac Kolubara"]
[WhiteTeamCountry "SRB"]
[BlackTeamCountry "SRB"]

1. d4 Nf6 2. Bf4 g6 3. Nc3 d5 4. Qd2 Bg7 5. Bh6 0-0 6. 0-0-0 c6 7. f3 b5 8. Bxg7 Kxg7 9. h4 h5 10. Nh3 Bf5 11. Nf2 b4 12. Na4 Qa5 13. b3 Nbd7 14. Kb1 c5 15. dxc5 Nxc5 16. Nxc5 Qxc5 17. Nd3 Qc7 18. Qxb4 Rfc8 19. Rd2 a5 20. Qd4 a4 21. b4 a3 22. Nc5 e5 23. Qe3 Rcb8 24. Ka1 Rxb4 25. Qc3 Rc4 26. Qb3 Rxc5 27. e4 dxe4 28. Bb5 Rxb5 0-1

[Event "Belgrade-ch sf"]
[Site "Belgrade"]
[Date "2017.01.29"]
[Round "7"]
[White "Mijailovic, Luka"]
[Black "Kuzmanovic, Ratko"]
[Result "1-0"]
[WhiteElo "1608"]
[BlackElo "1854"]
[PlyCount "45"]
[EventDate "2017.01.23"]
[EventType "swiss"]
[EventRounds "7"]
[EventCountry "SRB"]
[SourceTitle "CBM 176 Extra"]
[Source "ChessBase"]
[SourceDate "2017.03.02"]
[SourceVersion "1"]
[SourceVersionDate "2017.03.02"]
[SourceQuality "1"]

1. e4 d6 2. d4 Nf6 3. Nc3 g6 4. Nf3 Bg7 5. Bc4 0-0 6. h3 b6 7. 0-0 Bb7 8. Re1 c5 9. a3 a6 10. dxc5 dxc5 11. Bf4 b5 12. Bd3 e6 13. Qd2 c4 14. Bf1 Nc6 15. Rad1 Qxd2 16. Rxd2 Nh5 17. Bd6 Rfd8 18. e5 Rd7 19. Red1 Bh6 20. Re2 Rad8 21. Ne4 Nxe5 22. Nxe5 Bxe4 23. Nxd7 1-0